000 00495nam a22001817a 4500
005 20230320160609.0
008 230107b |||||||| |||| 00| 0 eng d
020 _a9789355011930
041 _aeng
082 _a510
100 _aDass H K
245 _aMathematics II
250 _a2nd
260 _aNew Delhi
_bS Chand and Company
_c2022
300 _a1-495
520 _aDifferential Calculus Multivariable Calculus Matrices First Order Ordinary Differential Equations
942 _cBK
999 _c83750
_d83750